000 00561nam a22001693n 4500
001 FRBNF309982570000000
003 http://catalogue.bnf.fr/ark:/12148/cb309982577
005 20250520170535.0
008 250520b |||||||| |||| 00| 0 eng d
050 _aBX 955
_b.2.G633 GON
100 _a19970701d1883 GONTARO, FRIEDRICH
245 _aTHE CHAIR OF PETER
_bA HISTORY OF THE PAPACY
_cFRIEDRICH GONTARO
260 _aCANADA
_bHOLT, RINEHART AND WINSTON
_cc1964
300 _a629p;.
_bills;,
700 _310553562
_aMurphy
_bJohn Nicholas
_4070
942 _2lcc
_cBK
_n0
999 _c5862
_d5862